00626nam a22001937a 4500003000400000005001700004008004100021020001500062040002900077050002400106100006200130245008500192250001200277260003100289300004300320650001600363650003400379650001900413OSt20231209160023.0231209b |||||||| |||| 00| 0 eng d a0131572253 cChuka University Library aQA 37.2 b.B37 2008 aBarnett, Raymond A, Michael R. Ziegler and Karl E. Byleen aCollege mathematics: For business, economics, life sciences, and social sciences a11th ed aNew Jersey bPearsonc2008 aVarious pagingsbColored illustrations aMathematics aSocial sciences xMathematics aBiomathematics